01123nas a2200229Ia 4500001001100000003000900011008004100020040001300061040001300074041001300087100004300100210004200143222004200185245014700227250001100374260004000385501008600425300001900511362005600530500026400586650004300850R144/C1065IT-RoPAU151124c99999999xx |||||||||||| ||und|| aIT-RoPAU cIT-RoPAU aFRANCESE aLange Andre'gCodice Aut. SPICS: 20916 aQUADERNI-LA REVUE DE LA COMMUNICATION aQuaderni-La Revue De La Communication aQUADERNI, N.019 (1993) - ENJEUX EUROPEENS DE LA COMMUNICATIONbDescartes, C'Est la Hollande. La Communaute' Europeenne: Culture Et Audiovisuel a1a ed. aCOLOMBES (FRANCIA)bAZ PRESSEc1993 bPaulus - SPICS - Società San Paolo EM (non-commercial uses only)cCopyright2015 a34 p. [83-116] aN.019 (1993) - ENJEUX EUROPEENS DE LA COMMUNICATION aComunità Europea: Cultura e Audiovisivo. Difficili Interventi della Comunità nel Settore Culturale. Verso una Formalizzazione dell'Azione Culturalecomunitaria. Aspetti Contraddittori della Politica Comunitaria nel Settoreculturale. Articolo 128 del Tratta aCOMUNICAZIONEvPUBBLICAZIONE PERIODICA